| 000 | 00922nam a22001937a 4500 | ||
|---|---|---|---|
| 005 | 2011112904224.0 | ||
| 008 | 111129s2007 ua|||||r|||| 00| 0 ara d | ||
| 020 | _a9774196740 | ||
| 082 |
_222 _a629.04 _bع ل ي |
||
| 100 |
_927918 _aعلى، رؤوف احمد |
||
| 245 |
_aإماطة الأذى عن الطريق واستبقاء الحياة في الشارع / _cتأليف رؤوف أحمد علي ؛ تقديم محمد عادل أحمد علي. |
||
| 260 |
_aالقاهرة : _bالهيئة المصرية العامة للكتاب، _c2007. |
||
| 300 |
_a296 ص. : _bايض. ؛ _c24 سم. |
||
| 504 | _aيشتمل على ارجاعات ببليوجرافية : ص. 293-296. | ||
| 650 |
_927919 _aالشوارع _xتنظيف |
||
| 653 |
_bAra _cNovember2011 |
||
| 942 |
_2ddc _cBB |
||
| 999 |
_c16270 _d16270 |
||